Innovation and entrepreneurship practice and principles
Gespeichert in:
| 1. Verfasser: | |
|---|---|
| Format: | Buch |
| Sprache: | Englisch |
| Veröffentlicht: |
Oxford
Elsevier Butterworth-Heinemann
2007
|
| Schriftenreihe: | The classic Drucker collection
|
| Schlagworte: | |
| Tags: |
Keine Tags, Fügen Sie das erste Tag hinzu!
|
MARC
| LEADER | 00000nam$a2200000$$$4500 | ||
|---|---|---|---|
| 001 | 0066213 | ||
| 005 | 20240312115738.2 | ||
| 020 | |a 978-0-7506-8508-5 | ||
| 041 | 0 | |a eng | |
| 044 | |a GB | ||
| 245 | 1 | 0 | |a Innovation and entrepreneurship |b practice and principles |c Peter F. Drucker |
| 264 | 1 | |a Oxford |b Elsevier Butterworth-Heinemann |c 2007 | |
| 300 | |a 253 s. | ||
| 490 | 1 | |a The classic Drucker collection | |
| 830 | 0 | |a The classic Drucker collection | |
| 610 | 2 | 0 | |a inovácia |
| 610 | 2 | 0 | |a podnikanie |
| 610 | 2 | 0 | |a riadenie podnikové |
| 610 | 2 | 0 | |a riziko |
| 610 | 2 | 0 | |a priemysel |
| 610 | 2 | 0 | |a trh |
| 610 | 2 | 0 | |a služby |
| 610 | 2 | 0 | |a vedomosti |
| 100 | 1 | |a Drucker, Peter F. | |